Periodic Table - Statistics

General Stats
  • This quiz has been taken 14 times
  • The average score is 12 of 15
Answer Stats
Hint Answer % Correct
Al Aluminum
100%
Cu Copper
100%
H Hydrogen
100%
Xe Xenon
100%
Zn Zinc
100%
Ge Germanium
89%
Ne Neon
89%
Rb Rubidium
89%
Og Oganesson
78%
Ei Einsteinium
67%
La Lanthanum
67%
Mb Molybdenum
67%
Pr Praseodymium
67%
Eu Europium
56%
Lu Lutetium
56%
No matching quizzes found
Score Distribution
Percent of People with Each Score
Percentile by Number Answered
Your Score History
You have not taken this quiz